Acta Sesión Ordinaria, 28 de marzo 2012. Informe de Comisión de Revisión de la Ley 86-00 (Record no. 9125)

MARC details
000 -LEADER
campo de control de longitud fija 00485nam a2200145Ia 4500
001 - NÚMERO DE CONTROL
campo de control 2810
008 - DATOS DE LONGITUD FIJA--INFORMACIÓN GENERAL
campo de control de longitud fija 241024s9999 xx 000 0 und d
082 ## - NÚMERO DE LA CLASIFICACIÓN DECIMAL DEWEY
Número de clasificación RD/370.97293/R426a/1/2012
100 ## - ENTRADA PRINCIPAL--NOMBRE DE PERSONA
Nombre de persona República Dominicana. Ministerio de Educación. Consejo Nacional de Educación
245 #0 - MENCIÓN DEL TÍTULO
Título Acta Sesión Ordinaria, 28 de marzo 2012. Informe de Comisión de Revisión de la Ley 86-00
260 ## - PUBLICACIÓN, DISTRIBUCIÓN, ETC.
Nombre del editor, distribuidor, etc. Santo Domingo
Fecha de publicación, distribución, etc. 2012
590 ## - NOTA LOCAL (RLIN)
Nota local si
901 ## - ELEMENTOS DE DATOS A LOCAL LDA (RLIN)
a 25/2/2013 12:31:08 p.m.

No items available.

© 2024. Todos los Derechos Reservados. Desarrollado por IDEICE